Normal view
MARC view
- اللغة العربية - البلاغة
Entry Topical Term
001 - CONTROL NUMBER
- control field: 58552
003 - CONTROL NUMBER IDENTIFIER
- control field: JO-AjAnu
005 - DATE AND TIME OF LATEST TRANSACTION
- control field: 20230606083600.0
008 - FIXED-LENGTH DATA ELEMENTS
- fixed length control field: 230606|| aca||aabn | a|a d
040 ## - CATALOGING SOURCE
- Original cataloging agency: JO-AjAnu
- Transcribing agency: JO-AjAnu
150 ## - HEADING--TOPICAL TERM
- Topical term or geographic name entry element: اللغة العربية - البلاغة
670 ## - SOURCE DATA FOUND
- Source citation: Work cat.: (JO-AjAnu)29867: القزويني، محمد بن عبد الرحمن بن عمر جلال الدين الخطيب 666-729 هجري مؤلف؛ مجدي فتحي السيد تحقيق, author 58551, الإيضاح في علوم البلاغة: المعاني والبيان والبديع: مختصر تلخيص المفتاح